| 000 | 04221cam a22012854i 4500 | ||
|---|---|---|---|
| 003 | PE-LiUPU | ||
| 005 | 20250813185439.0 | ||
| 008 | 150625s r 000 0 d | ||
| 020 | _a997294770X | ||
| 035 | _a(Sirsi) i9789972947704 | ||
| 040 |
_aPE-LiUPU _bspa _cPE-LiUPU _erda |
||
| 049 | _aPRUA | ||
| 082 | 0 | 4 |
_a303.485 _bK96e3 _221 |
| 100 | 1 |
_aKuroiwa, Julio, _eautor. |
|
| 245 | 1 | 0 |
_aReducción de desastres : _bviviendo en armonía con la naturaleza / _cJulio Kuroiwa. |
| 264 | 1 |
_aLima : _bQuebecor World Perú, _c2002. |
|
| 300 |
_a429 páginas : _bilustraciones, mapas, fotos, diágramas ; _c27 centímetros |
||
| 336 |
_atext _2rdacontent |
||
| 337 |
_aunmediated _2rdamedia |
||
| 338 |
_avolume _2rdacarrier |
||
| 504 | _aIncluye referencias bibliográficas al final de cada capítulo. | ||
| 505 | 0 | _aViviendo en armonía con la naturaleza para reducir los desastres. -Ciudades sostenibles: agenda para el siglo XXI. -Fenomenos de origén geológico I. -Fenómenos de origen geológico II. -Desastres climáticos. -Fenómenos geológico-Climático. -Desastres tecnológicos y medio ambiente. -Impacto económico y social de los desastres. -Reducción de la vulnerabilidad social. -Hacia una cultura de prevención en el siglo XIX. | |
| 526 | _aP202 | ||
| 526 | _aP201 | ||
| 526 | _aP163 | ||
| 526 | _aP162 | ||
| 526 | _aP161 | ||
| 526 | _aP160 | ||
| 526 | _aP148 | ||
| 526 | _aP147 | ||
| 526 | _aP146 | ||
| 526 | _aP145 | ||
| 526 | _aP144 | ||
| 526 | _aP143 | ||
| 526 | _aP142 | ||
| 526 | _aP141 | ||
| 526 | _aP140 | ||
| 526 | _aP139 | ||
| 526 | _aP138 | ||
| 526 | _aP137 | ||
| 526 | _aP136 | ||
| 526 | _aP135 | ||
| 526 | _aP134 | ||
| 526 | _aP133 | ||
| 526 | _aP129 | ||
| 526 | _aP128 | ||
| 526 | _aP127 | ||
| 526 | _aP120 | ||
| 526 | _aP119 | ||
| 526 | _aP118 | ||
| 526 | _aP116 | ||
| 526 | _aP115 | ||
| 526 | _aP114 | ||
| 526 | _aP110 | ||
| 526 | _aP109 | ||
| 526 | _aP108 | ||
| 526 | _aP104 | ||
| 526 | _aP103 | ||
| 526 | _aP102 | ||
| 526 | _aP99 | ||
| 526 | _aP98 | ||
| 526 | _aP97 | ||
| 526 | _aP96 | ||
| 526 | _aP95 | ||
| 526 | _aP93 | ||
| 526 | _aP90 | ||
| 526 | _aP89 | ||
| 526 | _aP88 | ||
| 526 | _aP83 | ||
| 526 | _aP82 | ||
| 526 | _aP62 | ||
| 526 | _aP59 | ||
| 526 | _aP58 | ||
| 526 | _aP57 | ||
| 526 | _aP51 | ||
| 526 | _aP49 | ||
| 526 | _aP48 | ||
| 526 | _aP47 | ||
| 526 | _aP29 | ||
| 526 | _aP24 | ||
| 526 | _aP20 | ||
| 526 | _aP19 | ||
| 526 | _aP17 | ||
| 526 | _aP15 | ||
| 526 | _aP14 | ||
| 526 | _aP12 | ||
| 526 | _aP10 | ||
| 526 | _aP09 | ||
| 526 | _aP08 | ||
| 526 | _aP07 | ||
| 526 | _aP06 | ||
| 526 | _aP05 | ||
| 526 | _aP04 | ||
| 526 | _aP01 | ||
| 650 | 0 | 4 |
_aDesastres naturales _xMedidas de seguridad. |
| 650 | 0 | 4 |
_aDesatres naturales _xPrevención. |
| 650 | 0 | 4 | _aIngeniería sismica. |
| 942 |
_2ddc _cBOOK |
||
| 949 |
_a303.485 K96 E3 _wDEWEY _c1 _i56157 _lCCODEBUL1 _mBUL _p12.00 _r0 _sY _tBOOK _u2015-6-25 _xEDUCACION _zUNKNOWN _0COMPRA _o.STAFF. Colección General |
||
| 949 |
_a303.485 K96 _wDEWEY _c1 _i49752 _lCCODEBUL1 _mBUL _r0 _sY _tBOOK _u2015-6-24 _xEDUCACION _zUNKNOWN _0COMPRA _o.STAFF. Colección General |
||
| 949 |
_a303.485 K96 _wDEWEY _c2 _i49751 _lCCODEBUL1 _mBUL _r0 _sY _tBOOK _u2015-6-24 _xEDUCACION _zUNKNOWN _0COMPRA _o.STAFF. Colección General |
||
| 949 |
_a303.485 K96 _wDEWEY _c3 _i69244 _lCCODEBUL1 _mBUL _p15.00 _r0 _sY _tBOOK _u2015-6-24 _xINGENIERIA _PP24 _0COMPRA _o.STAFF. Colección General |
||
| 994 |
_aC0 _bPEPRU |
||
| 596 | _a1 | ||
| 999 |
_a303.485 K96 _wDEWEY _c32573 _i49752 _f2019-12-9 _g4 _lDISCARD _mBUL _r1 _sY _tBOOK _u2015-6-24 _xEDUCACION _zUNKNOWN _0COMPRA _o.STAFF. Colección General _d32573 |
||
| 999 |
_a303.485 K96 _wDEWEY _c2 _i49751 _f2019-12-9 _g4 _lDISCARD _mBUL _r1 _sY _tBOOK _u2015-6-24 _xEDUCACION _zUNKNOWN _0COMPRA _o.STAFF. Colección General |
||
| 999 |
_a303.485 K96 _wDEWEY _c3 _i69244 _f2019-12-9 _g6 _lDISCARD _mBUL _p15.00 _q1 _r1 _sY _tBOOK _u2015-6-24 _xINGENIERIA _PP24 _0COMPRA _o.STAFF. Colección General |
||
| 999 |
_a303.485 K96 E3 _wDEWEY _c1 _i56157 _f2022-4-17 _g5 _lCCODEBUL1 _mBUL _p12.00 _r1 _sY _tBOOK _u2015-6-25 _xEDUCACION _zUNKNOWN _0COMPRA _o.STAFF. Colección General |
||
| 980 |
_81 _gALBERTO SANCHEZ Responsable de Automatización |
||